Basic Tests for Pharmaceutical Dosage Forms (Record no. 33485)

MARC details
000 -LEADER
fixed length control field 00432nam a22001577a 4500
005 - DATE AND TIME OF LATEST TRANSACTION
control field 20230920124521.0
008 - FIXED-LENGTH DATA ELEMENTS--GENERAL INFORMATION
fixed length control field 230908b |||||||| |||| 00| 0 eng d
020 ## - INTERNATIONAL STANDARD BOOK NUMBER
ISBN 8185386501
082 ## - DEWEY DECIMAL CLASSIFICATION NUMBER
Classification number 615.1901
Item number BAS
245 ## - TITLE STATEMENT
Title Basic Tests for Pharmaceutical Dosage Forms
Statement of responsibility, etc. World Health Organization
260 ## - PUBLICATION, DISTRIBUTION, ETC.
Place of Publication India
Name of publisher, distributor, etc. A.I.T.B.S.Publisher
Date of publication, distribution, etc. 2002
300 ## - PHYSICAL DESCRIPTION
Pages 128
500 ## - GENERAL NOTE
General note Include Index
650 ## - SUBJECT ADDED ENTRY--TOPICAL TERM
Subject / Department Medical/Pharmacy
952 ## - LOCATION AND ITEM INFORMATION (KOHA)
-- 0
-- 0
Holdings
Lost status Damaged status Permanent Location Current Location Shelving Location Date acquired Full Call Number Accession No./Barcode Date last seen item type
    Superior Information Resource Center (SIRC) Superior University- Central Library Superior Information Resource Center (SIRC) Superior University- Central Library Pharmacy 09/08/2023 615.1901 BAS 2002 20378 09/08/2023 BOOK

Powered by Koha